000 00498nam a2200181Ia 4500
005 20250508153922.0
008 008 250505s9999 xx 000 0 eng d
037 _aBooks to be hide in OPAC
040 _aFEDL
_beng
_cFEDL
041 _aeng
_2eng
084 _a504, HAL
_qFEDL
100 _aHaldane J B S
_9152193
245 0 _aScience advances
260 _aLondon, UK
_bGeorge Allen and Unwin Ltd.
_c1949
300 _a253p
942 _cHB
_h504, HAL
999 _c1346361
_d1346361